书目信息 |
| 题名: |
建筑法实用问答
|
|
| 作者: | 刘淑强 主编 | |
| 分册: | ||
| 出版信息: | 北京 人民法院出版社 1998.06 |
|
| 页数: | 696页 | |
| 开本: | 32开 | |
| 丛书名: | ||
| 单 册: | ||
| 中图分类: | D922.297 | |
| 科图分类: | ||
| 主题词: | 法律--中国 | |
| 电子资源: | ||
| ISBN: | 7-80056-685-4 | |
| 000 | 00528nam0 2200181 45 | |
| 001 | 0001030873 | |
| 005 | 20061213151231.11 | |
| 010 | @a7-80056-685-4@d36.00元 | |
| 100 | @a20000103d1998 km y0chiy0120 ea | |
| 101 | @achi | |
| 200 | 1 | @a建筑法实用问答@AJian Zhu Fa Shi Yong Wen Da@f刘淑强主编@FLiu Shu Qiang Zhu Bian |
| 210 | @a北京@c人民法院出版社@d1998.06 | |
| 215 | @a696页@d32开 | |
| 606 | 0 | @a法律@x中国 |
| 690 | @aD922.297@v3 | |
| 701 | @a刘淑强@4主编 | |
| 801 | @aCN@bPftUser@c20061213 | |
| 905 | @f2@b48382-383@dD922.297@eL691 | |
| 建筑法实用问答/刘淑强主编.-北京:人民法院出版社,1998.06 |
| 696页;32开 |
| ISBN 7-80056-685-4:36.00元 |
| ● |
| 相关链接 |
|
|
|
正题名:建筑法实用问答
索取号:D922.297/L691
 
预约/预借
| 序号 | 登录号 | 条形码 | 馆藏地/架位号 | 状态 | 备注 |
| 1 | 444251 | 204442512 | 管理学院资料室/ [索取号:D922.297/L691] | 在馆 | |
| 2 | 48382 | 200483823 | 社科库509/509社科库 88排5列4层/ [索取号:D922.297/L691] | 在馆 | |
| 3 | 48383 | 200483832 | 社科库509/ [索取号:D922.297/L691] | 在馆 |